Hospodářské dějiny 20
Saved in:
| Format: | Book |
|---|---|
| Language: | Czech |
| Published: |
Praha
Historický ústav
1992
|
| Edition: | 1. vyd. |
| Subjects: | |
| Tags: |
No Tags, Be the first to tag this record!
|
MARC
| LEADER | 00000nam a2200000 4500 | ||
|---|---|---|---|
| 001 | c003239 | ||
| 005 | 20250515090632.0 | ||
| 020 | |a 80-85268-20-5 | ||
| 041 | 0 | |a cze | |
| 044 | |a CZ | ||
| 245 | 1 | 0 | |a Hospodářské dějiny 20 |c Edit. Jan Hájek |
| 250 | |a 1. vyd. | ||
| 264 | 1 | |a Praha |b Historický ústav |c 1992 | |
| 300 | |a 310 s. | ||
| 610 | 2 | 0 | |a dejiny hospodárske |
| 610 | 2 | 0 | |a Česko |
| 610 | 2 | 0 | |a Slovensko |